Stationen der S7 (Wien) - Statistiken

Allgemein
  • Dieses Quiz wurde 42 mal gespielt
    30 seit der letzten Aktualisierung
  • Das Durchschnittsergebnis liegt bei 23 aus 47
Antwortstatistiken
Haltestelle % Korrekt
Wien Floridsdorf
93%
Wien Mitte-Landstraße
93%
Flughafen Wien
89%
Schwechat
89%
Wien Praterstern
89%
Wien Rennweg
89%
Wien Zentralfriedhof
89%
Wien Handelskai
85%
Wien Traisengasse
81%
Wien Siemensstraße
78%
Fischamend
74%
Wien Leopoldau
74%
Laa an der Thaya
70%
Wolfsthal
70%
Hainburg/Donau Personenbahnhof
67%
Mannswörth
67%
Petronell-Carnuntum
67%
Wien Kaiserebersdorf
67%
Wien St. Marx
63%
Wien Geiselbergstraße
59%
Mistelbach
56%
Regelsbrunn
56%
Wolkersdorf
56%
Maria Ellend
48%
Haslau an der Donau
44%
Hainburg/Donau Kulturfabrik
41%
Bad Deutsch-Altenburg
37%
Gerasdorf
37%
Hainburg/Donau Ungartor/B9
37%
Neubau-Kreuzstetten
33%
Enzersdorf bei Staatz
30%
Seyring
30%
Staatz
30%
Wildungsmauer
30%
Schleinbach
26%
Kapellerfeld
22%
Mistelbach Stadt
22%
Kottingneusiedl
15%
Niederkreuzstetten
15%
Obersdorf
15%
Ulrichskirchen
15%
Ladendorf
11%
Paasdorf
11%
Siebenhirten NÖ
11%
Frättingsdorf
7%
Hautzendorf
7%
Hörersdorf
7%
Keine übereinstimmenden Quizze gefunden
Verteilung der Resultate
Anzahl Personen mit jedem Resultat
Perzentil nach korrekt beantworteten Fragen
Ihre Resultats-Entwicklung
Sie haben dieses Quiz seit der letzten Aktualisierung nicht gespielt